Truyện ngắn Nguyễn Công Hoan tác phẩm và lời bình

Guardado en:
Detalles Bibliográficos
Autor principal: Nguyễn Công Hoan
Otros Autores: Tuấn Thành (tuyển chọn), Vũ Nguyễn (tuyển chọn)
Formato: Libro
Lenguaje:Vietnamese
Publicado: H. Văn học 2007
Colección:Văn học hiện đại Việt Nam
Materias:
Etiquetas: Agregar Etiqueta
Sin Etiquetas, Sea el primero en etiquetar este registro!
Thư viện lưu trữ: Mạng thư viện Đại học Đà Nẵng
LEADER 01226nam a2200361 4500
001 000004324
003 459
005 20121211001216.0
008 110719s2007 viesd
020 |c 39000 
041 0 |a vie 
082 |a 895.9223  |b NG-H 
100 1 |a Nguyễn Công Hoan 
245 1 0 |a Truyện ngắn Nguyễn Công Hoan  |b tác phẩm và lời bình  |c Tuấn Thành, Vũ Nguyễn tuyển chọn 
260 |a H.  |b Văn học  |c 2007 
300 |a 255 tr.  |c 24 cm. 
490 |a Văn học hiện đại Việt Nam 
653 |a Văn học Việt Nam 
653 |a Nguyễn Công Hoan 
653 |a Phê bình văn học 
700 |a Tuấn Thành  |e tuyển chọn 
700 |a Vũ Nguyễn  |e tuyển chọn 
910 |a Ngô Văn Đường 
OWN |a LSP 
AVA |a UDN50  |b LSP  |d 895.9223 NG-H  |e available  |t Error 5001 Not defined in file expand_doc_bib_avail.  |f 10  |g 0  |h N  |i 0  |k 1 
999 |a From the UDN01 
AVA |a UDN50  |b LSP  |d 895.9223 NG-H  |e available  |t Error 5001 Not defined in file expand_doc_bib_avail.  |f 10  |g 0  |h N  |i 0  |k 1 
TYP |a Monograph 
TYP |a Printed language 
980 |a Mạng thư viện Đại học Đà Nẵng